|
|
|
|
| LEADER |
01073nam a2200277 a 4500 |
| 001 |
14169 |
| 003 |
BD-DhAAL |
| 008 |
090406r20031993enk b 001 0 eng d |
| 999 |
|
|
|c 83
|d 83
|
| 010 |
|
|
|a 2002028112
|
| 020 |
|
|
|a 0631232389 (alk. paper)
|
| 020 |
|
|
|a 0631232397 (pbk. : alk. paper)
|
| 040 |
|
|
|a DLC
|c DLC
|d DLC
|d BD-DhAAL
|
| 082 |
0 |
0 |
|a 149.96
|2 21
|
| 100 |
1 |
|
|a Sturrock, John.
|9 41220
|
| 245 |
1 |
0 |
|a Structuralism /
|c John Sturrock ; with a new introduction by Jean-Michel Rabaté.
|
| 250 |
|
|
|a Second edition
|
| 260 |
|
|
|a Oxford, UK ;
|a Malden, MA :
|b Blackwell Pub.,
|c c2003.
|
| 300 |
|
|
|a 158 pages ;
|c 24 cm.
|
| 500 |
|
|
|a Originally published: 2nd ed. London : Fontana, 1993. With a new introd.
|
| 504 |
|
|
|a Includes bibliographical references (pages [158]-166) and index.
|
| 541 |
1 |
|
|e 14169
|
| 650 |
|
0 |
|a Structuralism.
|9 41221
|
| 852 |
|
|
|a Ayesha Abed Library
|j General Stacks
|
| 942 |
|
|
|2 ddc
|c BK
|
| 952 |
|
|
|0 0
|1 0
|2 ddc
|4 0
|6 149_960000000000000_STU_2003
|7 0
|9 75
|a BRACUL
|b BRACUL
|c GEN
|d 2009-04-28
|l 1
|m 2
|o 149.96 STU
|p 3010014169
|r 2014-02-04
|s 2014-01-27
|t 1
|w 2009-04-28
|y BK
|